旭川市の小学校 - Statistics

General Stats
  • This quiz has been taken 32 times
  • The average score is 24 of 51
Answer Stats
Answer % Correct
永山小学校
80%
旭川小学校
80%
近文小学校
73%
豊岡小学校
73%
神居小学校
73%
緑が丘小学校
73%
永山西小学校
67%
西神楽小学校
67%
東光小学校
67%
忠和小学校
67%
知新小学校
60%
日章小学校
60%
大有小学校
60%
啓明小学校
60%
新町小学校
60%
大町小学校
60%
正和小学校
53%
春光小学校
53%
千代田小学校
53%
台場小学校
53%
神楽小学校
53%
末広小学校
53%
愛宕小学校
53%
共栄小学校
53%
北鎮小学校
47%
向陵小学校
47%
東栄小学校
47%
旭川第3小学校
47%
神楽岡小学校
47%
東町小学校
40%
北光小学校
40%
江丹別小学校
40%
永山東小学校
40%
末広北小学校
40%
朝日小学校
33%
青雲小学校
33%
東五条小学校
33%
富沢小学校
33%
西御料地小学校
33%
陵雲小学校
33%
緑新小学校
33%
新富小学校
27%
嵐山小学校
27%
旭川第5小学校
27%
神居東小学校
27%
永山南小学校
27%
愛宕東小学校
27%
高台小学校
20%
雨紛小学校
13%
近文第1小学校
13%
近文第2小学校
13%
No matching quizzes found
Score Distribution
Percent of People with Each Score
Percentile by Number Answered
Your Score History
You have not taken this quiz